| 000 | 00445 a2200157 4500 | ||
|---|---|---|---|
| 003 | OSt | ||
| 005 | 20231006153503.0 | ||
| 008 | 230918b |||||||| |||| 00| 0 eng d | ||
| 020 | _a9780670096268 | ||
| 040 | _coclc | ||
| 082 |
_a821 _bSAT/G |
||
| 245 |
_aGreening the Earth / _cedited by K Sachidanandan & Nishi Chawla |
||
| 260 |
_aUSA: _bVintage, _c2023. |
||
| 300 | _a364 p | ||
| 942 |
_2ddc _cBK _h821 _iSAT/G _k821 _mSAT/G |
||
| 999 |
_c42178 _d42178 |
||